00647nam a2200145 4500040000900000082001600009100004300025245015000068260003300218300001100251505016200262650001500424651001600439700004600455 cNUST a621.382,NAW aNawaz, Muhammad Daial (BEE-58/ TCC-33) aAdvanced Network Monitoring and Intrusion Detection System (IDS) /cMuhammad Danial Nawaz, Muhammad Nadeem and Muhammad Muzamil (BEE-58 / TCC-330 aRawalpindibMCS (NUST)c2025 a72 p.; aIntroduction (Page-12), Literature Review (Page-19), Methodology (Page-25), Implementation (Page-33), Results and Discussion (Page-62), References (Page-68). aUG Project aBEE-/ TC-33 aSupervised by Assoc Prof. Mir Yasir Umair